[Event "SB-2016-0-00468"]
[Site "LSS email"]
[Date "2016.10.12"]
[Round "?"]
[White "Sukhanov, Sergey"]
[Black "Castignani, Fausto"]
[Result "1/2-1/2"]
[WhiteElo "2036"]
[BlackElo "2039"]
[PlyCount "64"]
[EventDate "2016.09.09"]
[EventType "tourn (corr)"]
[EventRounds "6"]
[EventCountry "GER"]
[SourceTitle "Corr 2022"]
[Source "ChessBase"]
[SourceDate "2021.10.24"]
[SourceVersion "1"]
[SourceVersionDate "2021.10.24"]
[SourceQuality "1"]

1. d4 Nf6 2. c4 e6 3. Nc3 Bb4 4. f3 0-0 5. a3 Bxc3+ 6. bxc3 b6 7. e4 d6 8. Bd3 Nc6 9. f4 e5 10. Nf3 Bg4 11. 0-0 exd4 12. Bb2 dxc3 13. Bxc3 Nd7 14. Qe1 Nc5 15. Bc2 f6 16. Qh4 Qc8 17. h3 Be6 18. e5 Bf5 19. Bxf5 Qxf5 20. exf6 gxf6 21. Rae1 Ne4 22. Ne5 Nxc3 23. Nxc6 Qc5+ 24. Kh1 Qxc6 25. Re7 Rf7 26. Rfe1 Qxc4 27. Re8+ Rxe8 28. Rxe8+ Rf8 29. Qg4+ Kf7 30. Qd7+ Kg8 31. Qg4+ Kf7 32. Qd7+ Kg8 1/2-1/2

[Event "CP-2016-P-00047"]
[Site "LSS email"]
[Date "2016.09.27"]
[Round "?"]
[White "Castignani, Fausto"]
[Black "Borodin, Sergej"]
[Result "1/2-1/2"]
[WhiteElo "2030"]
[BlackElo "1903"]
[PlyCount "48"]
[EventDate "2016.10.01"]
[EventType "tourn (corr)"]
[EventRounds "6"]
[EventCountry "GER"]
[SourceTitle "Corr 2022"]
[Source "ChessBase"]
[SourceDate "2021.10.24"]
[SourceVersion "1"]
[SourceVersionDate "2021.10.24"]
[SourceQuality "1"]

1. e4 e5 2. Nf3 Nc6 3. Bb5 Nf6 4. 0-0 Nxe4 5. d4 Nd6 6. Bxc6 dxc6 7. dxe5 Nf5 8. Qxd8+ Kxd8 9. Nc3 Ke8 10. b3 Be7 11. Bb2 Be6 12. Rad1 a5 13. g3 h5 14. h4 b5 15. Ne2 Bd5 16. Nd2 g5 17. e6 Rg8 18. exf7+ Kxf7 19. c4 bxc4 20. bxc4 Be6 21. hxg5 Bxg5 22. Nf3 Bf6 23. Bxf6 Kxf6 24. Nf4 h4 1/2-1/2

[Event "SB-2016-0-00460"]
[Site "LSS email"]
[Date "2016.08.20"]
[Round "?"]
[White "Neumann, Ulf"]
[Black "Castignani, Fausto"]
[Result "0-1"]
[WhiteElo "1916"]
[BlackElo "2020"]
[PlyCount "88"]
[EventDate "2016.07.18"]
[EventType "tourn (corr)"]
[EventRounds "6"]
[EventCountry "GER"]
[SourceTitle "Corr 2022"]
[Source "ChessBase"]
[SourceDate "2021.10.24"]
[SourceVersion "1"]
[SourceVersionDate "2021.10.24"]
[SourceQuality "1"]

1. d4 Nf6 2. c4 e6 3. Nf3 Bb4+ 4. Bd2 Qe7 5. e3 Bxd2+ 6. Qxd2 b6 7. Nc3 Bb7 8. Be2 0-0 9. 0-0 d6 10. d5 Nbd7 11. Nd4 Nc5 12. f3 a5 13. e4 e5 14. Nf5 Qd8 15. Ng3 g6 16. Qh6 Nfd7 17. Nh1 Qe7 18. Nf2 f5 19. Rae1 f4 20. Nb5 Rac8 21. b3 Ba6 22. Nc3 Qg7 23. Qh3 Rce8 24. Nd3 Bc8 25. Qh4 g5 26. Qf2 Nxd3 27. Bxd3 Nc5 28. Be2 Rf7 29. Rb1 g4 30. fxg4 Bxg4 31. Bf3 Bxf3 32. Qxf3 Kh8 33. a3 Qg6 34. Rfe1 Rg8 35. Rb2 Qh6 36. b4 Nd7 37. c5 axb4 38. axb4 bxc5 39. bxc5 Nxc5 40. Reb1 Rff8 41. Ra1 Qh4 42. Rab1 Ra8 43. Rc2 Rab8 44. Ra1 Nb3 0-1

[Event "BI-2016-F-0000"]
[Site "LSS email"]
[Date "2016.02.14"]
[Round "?"]
[White "Castignani, Fausto"]
[Black "Esin, Maxim"]
[Result "0-1"]
[WhiteElo "1990"]
[BlackElo "2021"]
[PlyCount "140"]
[EventDate "2016.02.20"]
[EventType "tourn (corr)"]
[EventRounds "10"]
[EventCountry "GER"]
[SourceTitle "Corr 2022"]
[Source "ChessBase"]
[SourceDate "2021.10.24"]
[SourceVersion "1"]
[SourceVersionDate "2021.10.24"]
[SourceQuality "1"]

1. e4 e5 2. Nf3 Nc6 3. Bb5 Nf6 4. 0-0 Nxe4 5. d4 Nd6 6. Bxc6 dxc6 7. dxe5 Nf5 8. Qxd8+ Kxd8 9. Nc3 Ke8 10. b3 Be7 11. Bb2 b6 12. Rfe1 Bb7 13. Ne4 h5 14. e6 f6 15. Rad1 Bd6 16. Nxd6+ cxd6 17. c4 Rd8 18. Nd2 Ke7 19. Ne4 Bc8 20. Re2 Bxe6 21. Rde1 Kf7 22. Nxf6 Bxc4 23. bxc4 gxf6 24. Re6 Rh6 25. g3 Rd7 26. Re8 Ne7 27. Ra8 h4 28. Kg2 Rh5 29. Re3 hxg3 30. hxg3 Rc5 31. Rf3 f5 32. Rh8 Rxc4 33. Rh7+ Ke6 34. Rh6+ Kd5 35. Rd3+ Kc5 36. Rh7 Re4 37. Ba3+ Kb5 38. Rxd6 Rxd6 39. Bxd6 Nd5 40. Rxa7 c5 41. Rf7 Kc6 42. Bf8 Ra4 43. Rxf5 Rxa2 44. Re5 c4 45. Re6+ Kc7 46. Re5 Ra8 47. Bg7 Kc6 48. f4 b5 49. Kf3 Ra3+ 50. Kg4 b4 51. Re6+ Kb5 52. Re5 Kc5 53. Re8 c3 54. Rc8+ Kd6 55. Be5+ Ke7 56. Bd4 Ra2 57. Kf3 c2 58. f5 Kd7 59. Rc5 Kd6 60. f6 Nxf6 61. Rc8 Nd5 62. Ke4 Ne7 63. Be5+ Ke6 64. Rc5 b3 65. Bh8 Kd6 66. Rc3 b2 67. Rd3+ Nd5 68. Rxd5+ Kc6 69. Bxb2 Rxb2 70. Rd8 Kc7 0-1